| 000 | 00559nam a2200157Ia 4500 | ||
|---|---|---|---|
| 008 | 160316s2012 xxu||||| |||| 00| 0 eng d | ||
| 082 |
_a346.017000 _bRAH |
||
| 100 | _aRaha Swagata | ||
| 245 | _aFrequently asked questions on the commissions for protection of child rights act 2005 | ||
| 250 | _a | ||
| 260 |
_aBangalore _bCentre for Child and the Law, NLSIU _c2012 |
||
| 300 |
_a18 _b _c |
||
| 365 | _b Rs. 50/- | ||
| 650 | _a1. Commission - protection - child rights 2. Functions - CPCR 3. Childrens court | ||
| 700 |
_aMehendale Dr. Archana _aManoharan Arlene |
||
| 999 |
_c36672 _d36672 |
||